Obra y fe. La catedral de Santiago, 1541-1769

Wedi'i Gadw mewn:
Manylion Llyfryddiaeth
Prif Awdur: Ramón, Emma de (Awdur)
Fformat: Llyfr
Iaith:Sbaeneg
Cyhoeddwyd: Santiago Dibam 2002
Cyfres:Sociedad y Cultura, 30
Pynciau:
Tagiau: Ychwanegu Tag
Dim Tagiau, Byddwch y cyntaf i dagio'r cofnod hwn!

MARC

LEADER 00000nam a2200000 a 4500
001 UCL0679
003 CL-VaPUC
008 030808e20020000CL |||||||||||||||||spa|d
020 |a 9562441482 
082 0 4 |a 726.64  |b RAM  |2 21 
100 0 |a Ramón, Emma de  |e author  |9 477432 
245 1 0 |a Obra y fe. La catedral de Santiago, 1541-1769 
300 |a 202 p 
942 |c BK 
945 |d 20030808 00:00:00  |a cmena 
260 |a Santiago  |b Dibam  |c 2002 
650 7 |a CATEDRALES  |2 CL-VaPUC  |9 267660 
650 0 |a Historia  |9 255047 
650 0 |a Diseño y construcción  |9 260862 
650 0 |a Arquitectura religiosa  |9 266677 
651 7 |a CHILE  |2 CL-VaPUC  |9 477433 
583 |a last modification  |c 20030808 00:00:00  |k Rodrigo Vera 
490 0 |a Sociedad y Cultura, 30 
999 |c 304494  |d 304492 
952 |0 0  |1 0  |4 0  |6 726_640000000000000_RAM_2002  |7 0  |8 A  |9 366824  |a BIBHIS  |b BIBHIS  |d 2019-11-21  |i 3926044  |l 1  |o 726.64 RAM 2002  |p 3926044  |r 2025-01-20  |s 2022-09-08  |w 2019-11-21  |y BK  |k HIS 
952 |0 0  |1 0  |4 0  |6 726_640000000000000_RAM_2002  |7 0  |8 DER_HDC  |9 366825  |a BIBDER  |b BIBDER  |d 2019-11-21  |i 4009711  |o 726.64 RAM 2002  |p 4009711  |r 2023-01-25  |w 2019-11-21  |x Ubicación 4to Piso  |y BK  |z Estos recursos deben solicitarse con anticipación  |k DER 
952 |0 0  |1 0  |4 0  |6 726_640000000000000_RAM_2002  |7 0  |8 A  |9 366826  |a BIBTEO  |b BIBTEO  |d 2019-11-21  |i 4093941  |o 726.64 RAM 2002  |p 4093941  |r 2025-01-17  |w 2019-11-21  |y BK  |k ICR